000 00804nam a22002777a 4500
003 CHAP
005 20220329141631.0
008 971013s1979 r 00010 d
010 _a71379
011 _a72351
035 _a81906
040 _cCHAP
082 _a636.0897
_bC3
100 0 0 _aCamba Capaz, Arnaldo.
_917772
245 _aCirugía veterinaria
260 _aLa Habana :
_bPueblo y Educación,
_c1979
300 _a144 p.
590 _aBATCH-UPD
_b10
_c20130110
_lUCH01
_h2154
590 _aBATCH-UPD
_b10
_c20130410
_lUCH01
_h1502
590 _aBATCH-UPD
_b10
_c20130914
_lUCH01
_h0941
590 _aCONVERSION
_b10
_c20130109
_lUCH01
_h1339
650 1 4 _aCirugía veterinaria.
_923436
901 _aBK
942 _cLIBRO
949 _a636.0897 C3
_bBC
_cLIBRO
_d-35612
_eLIBRO
_h47838
_i81906
_mD
_si
999 _c71379
_d71379